000 00535nam a22001697a 4500
999 _c8374
_d8374
008 201117b ||||| |||| 00| 0 eng d
040 _aBMS College of Architecture
100 _aSekhar, Rinita
245 _aPromis-a post hospitalization rehab
300 _aNA
500 _a1BM15AT080
502 _8B,Arch
_NBMS College of Architecture, Visvesvaraya Technological University(VTU)
_aProject report
_d2019
650 _aHospitalization
700 _aAparna Raveendran
_eGuide
700 _aManohar Walvekar
_eGuide
942 _2ddc
_cTHE